{"text_format":"3","workbook":"xlsx","n_sheets":1,"sheets":["（采购明细）"],"not_rendered":{"defined_names":1},"read":"whole","date_system":"1900"}

{"sheet":"（采购明细）","index":0,"n_rows":19,"n_cols":8,"rows_kept":19,"merged":[[0,0,0,7],[15,0,15,5],[18,0,18,7]]}
["2024-2025-2学年计算机系第一批次耗材采购清单"]
["序号","耗材品名","型号规格","单位","数量","参考单价（元）","单项控制价（元）","详细用途"]
[1,"罗技mk120键鼠套装","罗技mk120有线键鼠套装","套",100,70,{"$f":"E3*F3","v":7000},"实验实训"]
[2,"电脑吹风机","德力西DLX-J1Z-KC-10D（工业）吹吸两用六档调速","个",1,190,{"$f":"E4*F4","v":190},"实验实训"]
[3,"焊锡丝","锐能-0.8焊锡丝50G","个",10,12,{"$f":"E5*F5","v":120},"实验实训"]
[4,"焊锡丝","锐能-0.8无铅焊锡丝100G","个",2,70,140,"实验实训"]
[5,"焊接松香","京选-日式精工高纯度助焊松香JX-1563-50","个",5,20,100,"实验实训"]
[6,"焊锡膏","京选-日式精工绿色无酸焊锡膏JX-1564-50","个",5,30,150,"实验实训"]
[7,"机械硬盘","WD机械单碟蓝盘1TB","个",15,130,1950,"考工耗材"]
[8,"内存条","联想（Lenovo）8GB DDR4 2666","个",50,90,4500,"考工耗材"]
[9,"智能ROS2机器人SLAM麦轮无人小车","亚博智能ROS2机器人SLAM麦轮无人小车建图导航树莓派5-8G主控 标准版","个",1,3300,3300,"实验实训"]
[10,"西门子S7-200 SMARTPLC","西门子S7-200 SMARTPLC带接口板 SB CM01 RS485/232接口板","个",2,500,{"$f":"E12*F12","v":1000},"实验实训"]
[11,"单相智能电能表DDSU666","具有RS485通信接口，通信规约支持Modbus-RTU","个",1,85,85,"实验实训"]
[12,"有人LG206终端","有人LG206终端","个",1,90,90,"实验实训"]
[13,"无线串口服务器w610","【有人物联网】无线串口服务器RS232/485转WIFI/RJ45网口转串口工业级通信网络传输通讯模块物联网USR-W610","个",1,190,190,"实验实训"]
["总控制价",{"$nulls":5},{"$f":"SUM(G3:G15)","v":18815}]
[]
[]
["注：1.此表单价为参考价格，报价不得超过控制价；2.可将此表修改为报价单，但其中序号、耗材品名、型号规格、单位、数量不得修改。"]